000 00366 a2200133 4500
005 20250702091323.0
020 _a978-1-84809-135-1
082 _a657 ATK
100 _aATKINSON, D.
245 _aElsie & Mairi Go to War,
260 _aNew York,
_bLibrary Of Congress Cataloging-In- Publication Data
_c2015.
300 _ax;280p: ill; picture,
_c22cm.
942 _2ddc
_cBKS
999 _c6583
_d6583